000 00462nam a2200145 a 4500
001 000032911
005 20200930065916.0
008 110801s1911 dr 000 0 spa d
040 _aDO-SdBNP
_bspa
_cBNPHU
082 _axxxx
_bG943
245 0 0 _aGuía sobre el colis o paquete postal establecido en la República Dominicana.
260 _aSanto Domingo :
_bImp. "La Cuna de América ". -Vda de Roques y Ca.,
_c1911.
300 _a15 p. ;
_c23 cm.
049 _aBNPD
999 _c32402
_d32402